01015nam a2200241 i 450000100060000000300090000600500170001500700030003200800410003502000180007608000260009410000510012024501380017126000780030930000300038749000300041765000700044771000460051783000380056385200330060199900170063495201220065189004ES-MaACL20230906180028.0t|050124s2004 sp ||||1| spa d a84-95394-62-6 a272(460.288)"1936/39"1 aCarrión Iñiguez, José Deogracias.93581313aLa persecución religiosa en la provincia de Albacete durante la guerra civil (1936-1939) / cJosé Deogracias Carrión Iñiguez. aAlbacete : bInstituto de Estudios Albacetenses "Don Juan Manuel",c2004. a550 p. : bil. ; c24 cm.1 aSerie I--Estudios ; v152 4aPersecuciones religiosas-zAlbacete (Provincia)-y1936-39.9159652 aInstituto de Estudios Albacetenses.948840 aSerie I--Estudios ; v1529179228 aES-MaACLjL-28630 bR.134898 c89004d89004 00104070aATENEOMbATENEOMcDEPO2d2008-01-17eSCl0oL-28630p1092958r2023-02-23 00:00:00w2023-02-23yMONOGRAFIA